Learn to Find Inner Peace (Record no. 16812)

MARC details
000 -LEADER
fixed length control field 00559nam a2200229 a 4500
020 ## - INTERNATIONAL STANDARD BOOK NUMBER
ISBN 1904292283
082 00 - DEWEY DECIMAL CLASSIFICATION NUMBER
Classification number 158.12
Author Cutter GFO
100 ## - MAIN ENTRY--AUTHOR NAME
Author name George, Milk
245 ## - TITLE STATEMENT
Title Learn to Find Inner Peace
260 ## - PUBLICATION, DISTRIBUTION, ETC. (IMPRINT)
Place of publication London
Name of publisher Duncan Baird Publishers
Year of publication 2003
300 ## - PHYSICAL DESCRIPTION
Number of Pages 160p
500 ## - GENERAL NOTE
General note includes index and biblioraphy
650 ## - SUBJECT ADDED ENTRY--TOPICAL TERM
Topical Term Mediation
942 ## - ADDED ENTRY ELEMENTS (KOHA)
Koha item type Books
700 1# -
-- George, Milk
Holdings
Collection code Home library Current library Date acquired Cost, normal purchase price Full call number Accession Number Koha item type
  Henry Martyn Institute Library Henry Martyn Institute Library 05/19/2011 495.00 158.12 GFO 021609 Books
                   Copyright © 2026 | Henry Martyn Institute | Hyderabad | TS-500052 | INDIA | Implemented by hmi.edu.in
Hit-Count:

Powered by Koha